[Event "180th open MGU"]
[Site "Sofia"]
[Date "2017.01.22"]
[Round "5.2"]
[White "Andreev, Dobrotich"]
[Black "Babatov, Martin"]
[Result "1-0"]
[WhiteElo "1985"]
[BlackElo "1625"]
[PlyCount "23"]
[EventDate "2017.01.21"]
[EventType "swiss"]
[EventRounds "6"]
[EventCountry "BUL"]

1. e4 d5 2. Nf3 dxe4 3. Ng5 Nf6 4. Bc4 e6 5. Nc3 h6 ({RR} 5... a6 6. Ncxe4 Nxe4
7. Nxe4 c5 8. d3 b5 9. Bb3 Bb7 10. Qf3 Nc6 11. Bg5 Qd7 12. O-O Nd4 13. Qg4 h6
14. Bf6 h5 15. Qh4 Nxb3 16. axb3 Qc6 17. f4 gxf6 18. Nxf6+ Kd8 19. Nd5+ Kc8 20.
Ne3 {Pessi,E (2355)-Nevednichy,B (2335)/Bucharest 1996/EXT 2001/0-1 (50)}) 6.
Ngxe4 Nxe4 ({RR} 6... Be7 7. d4 Nc6 8. Be3 Bb4 9. O-O Bxc3 10. Nxc3 O-O 11. Re1
Re8 12. Qd2 a6 13. Bd3 Ng4 14. Be4 Bd7 15. Bf4 Rc8 16. Bf3 Nf6 17. Ne4 Nd5 18.
Bg3 Nce7 19. c4 Nb6 20. Nc5 Bc6 21. Nxb7 {
Andreev,D (1914)-Banev,S (1429)/Teteven 2016/CBM 173 Extra/1-0}) 7. Nxe4 Be7
$146 ({RR} 7... Nc6 8. d3 ({RR} 8. O-O a6 9. a4 Be7 10. c3 Ne5 11. Qe2 Nxc4 12.
Qxc4 Qd5 13. Qe2 Bd7 14. d4 b5 15. a5 Bc6 16. f3 O-O-O 17. Bf4 g5 18. Be5 Rhg8
19. Bf6 Qd7 20. Rad1 Bd5 21. Rfe1 Kb8 22. Bxe7 Qxe7 {
Mihalecz,a (2050)-Bihari,V/Hungary 2015/EXT 2016/1-0 (45)}) 8... Bd6 9. O-O e5
10. Qf3 O-O 11. Qg3 Nd4 12. Nc3 Nf5 13. Qf3 Nd4 14. Qd1 Qf6 15. Nd5 Qg6 16. g3
Bg4 17. f3 Bh3 18. Rf2 e4 19. dxe4 Bxg3 20. Ne7+ Kh7 21. Nxg6 Bxf2+ 22. Kxf2 {
Weiss,H-Mehl,S/Hockenheim 1994/EXT 2003/1-0 (51)}) 8. d4 c6 9. O-O Nd7 10. Qg4
Nf6 11. Qxg7 Rg8 12. Nxf6+ 1-0

[Event "180th open MGU"]
[Site "Sofia"]
[Date "2017.01.22"]
[Round "5.3"]
[White "Anavi, David"]
[Black "Ruschukov, Boyan"]
[Result "1-0"]
[WhiteElo "1292"]
[BlackElo "1844"]
[PlyCount "89"]
[EventDate "2017.01.21"]
[EventType "swiss"]
[EventRounds "6"]
[EventCountry "BUL"]

1. e4 c5 2. c3 Nf6 3. e5 Nd5 4. d4 cxd4 5. cxd4 d6 6. Bc4 Nb6 7. Bb3 Nc6 8. f4
({RR} 8. Bf4 d5 9. Ne2 g6 10. O-O Bg7 11. Bg3 O-O 12. a3 Bg4 13. f3 Bf5 14.
Nbc3 Na5 15. Nf4 Nxb3 16. Qxb3 g5 17. Nfe2 Qd7 18. Rfd1 Nc4 19. Bf2 Rac8 20.
Qa2 Rc6 21. b3 Na5 22. Rac1 Rfc8 {Tscharnuter,A (1559)-Trippold,D (1842)/
Feistritz an der Drau 2014/CBM 162 Extra/0-1 (32)}) 8... dxe5 9. dxe5 Qxd1+ 10.
Bxd1 Nb4 $146 ({RR} 10... Bf5 11. Nf3 e6 12. O-O Bc5+ 13. Kh1 Bd3 14. Re1 Bf2
15. Nc3 Bxe1 16. Nxe1 Bg6 17. Nb5 O-O 18. Nd6 Rfd8 19. Bf3 Rab8 20. Be3 Nd5 21.
Bc1 f6 22. Nc4 b5 23. Ne3 fxe5 24. Nxd5 e4 25. Ne7+ {
Gottstein,T-Von Kiedrowski,K/Baunatal 1997/EXT 1999/0-1 (35)}) ({RR} 10... g5
11. Nf3 gxf4 12. Bxf4 Nd5 13. Bg3 Ne3 14. Nc3 Bf5 15. Ke2 Bh6 16. Ba4 O-O-O 17.
Bxc6 bxc6 18. Kf2 Rd3 19. h3 Rg8 20. Ne2 Be4 21. Rhg1 Nxg2 22. Kxg2 Bxf3+ 23.
Kf2 Bxe2 24. Kxe2 Rgxg3 25. Rxg3 {Ramon Perez,J (2283)-Espineira Gonzalez,D
(2341)/Lorca 2006/CBM 113 Extra/0-1 (33)}) 11. Ne2 Nd3+ 12. Kf1 Nxc1 13. Nxc1
Bd7 14. Bf3 Rc8 15. Nc3 Nc4 16. Bxb7 Rb8 17. Ba6 Nxb2 18. Rb1 e6 19. Nd3 Rb6
20. Rxb2 Rxa6 21. Rb8+ Ke7 22. Kf2 Rb6 23. Rxb6 axb6 24. Rb1 Kd8 25. Rxb6 Kc7
26. Rb2 Be7 27. Ke3 Ra8 28. Ne4 h6 29. Nec5 Bc6 30. g4 Ra3 31. Kd2 Ra5 32. Nb3
Rd5 33. Ke3 f6 34. Rc2 Kb6 35. Nd4 Bd7 36. Rb2+ Kc7 37. Ke4 Ra5 38. f5 Ra4 39.
Rc2+ Kb6 40. fxe6 Be8 41. Ke3 Bg6 42. Rc6+ Kb7 43. exf6 Bxf6 44. Nc5+ Kb8 45.
Nxa4 1-0

[Event "180th open MGU"]
[Site "Sofia"]
[Date "2017.01.22"]
[Round "5.5"]
[White "Ignatov, Bojidar"]
[Black "Tzonev, Kirjl"]
[Result "0-1"]
[WhiteElo "1826"]
[BlackElo "1877"]
[PlyCount "136"]
[EventDate "2017.01.21"]
[EventType "swiss"]
[EventRounds "6"]
[EventCountry "BUL"]

1. d4 Nf6 2. c4 d6 3. Nc3 Nbd7 4. e4 e5 5. Nf3 c6 6. Be2 Be7 7. O-O O-O 8. d5
c5 9. Ne1 ({RR} 9. a3 Ne8 10. b4 g6 11. Bh6 Ng7 12. Qd2 b6 13. Rab1 Nf6 14. h3
Nfe8 15. bxc5 {1/2 Grabarczyk,M (2495)-Jakubiec,A (2518)/Griesheim 2002/CBM 088
}) 9... Ne8 10. Nd3 ({RR} 10. a3 Bg5 11. b4 Bxc1 12. Qxc1 b6 13. Nd3 g6 14. f4
Qe7 15. f5 f6 16. Qe3 Ng7 17. g4 Ba6 18. b5 Bc8 19. a4 a6 20. h4 g5 21. hxg5
fxg5 22. Kg2 h6 23. Rh1 Rf6 24. Rh3 Ne8 {Gallego Alcaraz,A (2430)-Martinez
Romero,M (2477)/Quibdo 2015/CBM 169 Extra/1-0 (64)}) 10... Bg5 11. b4 b6 $146 (
{RR} 11... Bxc1 12. Qxc1 cxb4 13. Nxb4 Qa5 14. Rb1 Nc5 15. Nd3 Nxd3 16. Bxd3 b6
17. Rb5 Qa6 18. f4 Bd7 19. Rb3 Qc8 20. fxe5 Qc5+ 21. Kh1 dxe5 22. Nd1 Nd6 23.
Ne3 f6 24. Qa3 Qxa3 25. Rxa3 Rfc8 26. Kg1 {
Osmanovic,F (2090)-Vukovic,I (2320)/Budapest 1998/EXT 2000/0-1 (64)}) 12. a4
cxb4 13. Nxb4 Bb7 14. a5 Bxc1 15. Qxc1 bxa5 16. Nc2 Nc5 17. Qe3 Nf6 18. Ra3 Rc8
19. Rfa1 a6 20. f3 Nfd7 21. Qf2 f5 22. exf5 Rxf5 23. Ne3 Rf8 24. Qe1 Qg5 25.
Ne4 Nxe4 26. fxe4 Nc5 27. Nf1 Nxe4 28. Rxa5 Rc7 29. R5a3 Rcf7 30. Rf3 Rxf3 31.
Bxf3 Nc5 32. Ra3 Bc8 33. Nd2 Bf5 34. Re3 Rb8 35. Be4 Bxe4 36. Nxe4 Nxe4 37.
Rxe4 Rb2 38. Re2 Rxe2 39. Qxe2 Qc1+ 40. Kf2 Qf4+ 41. Kg1 a5 42. h3 Qd4+ 43. Kh1
a4 44. Qa2 Qd1+ 45. Kh2 Qb3 46. Qa1 Qxc4 47. Qa3 Qxd5 48. Qxa4 Qe6 49. Qc6 Kf7
50. Qb7+ Kg6 51. Qe4+ Qf5 52. Qd5 Qf4+ 53. Kh1 Qf6 54. Qe4+ Kf7 55. Qd5+ Qe6
56. Qb7+ Qe7 57. Qd5+ Ke8 58. Qg8+ Kd7 59. Qxh7 e4 60. Qf5+ Kc6 61. Kg1 d5 62.
Qc8+ Qc7 63. Qe8+ Kc5 64. Qa4 Qb6 65. Qa3+ Kc4+ 66. Kf1 Qb1+ 67. Ke2 Qc2+ 68.
Ke3 Qc3+ 0-1

[Event "180th open MGU"]
[Site "Sofia"]
[Date "2017.01.22"]
[Round "5.6"]
[White "Mladenov, Andrey"]
[Black "Kostov, Nikolay"]
[Result "0-1"]
[WhiteElo "1589"]
[BlackElo "1709"]
[PlyCount "44"]
[EventDate "2017.01.21"]
[EventType "swiss"]
[EventRounds "6"]
[EventCountry "BUL"]

1. e4 e6 2. d4 b6 3. Nf3 Bb7 4. Nc3 Bb4 5. Bd3 d5 6. e5 c5 ({RR} 6... Nc6 7.
O-O Qd7 8. Ne2 Be7 9. c3 a5 10. Re1 h5 11. h4 Ba6 12. Bxa6 Rxa6 13. Bg5 Nh6 14.
Nf4 Nf5 15. Qe2 Ra8 16. Rad1 Bxg5 17. Nxg5 Nxh4 18. Nxh5 Qe7 19. Qg4 Nf5 20.
Nf3 Rd8 21. c4 {
Schwarz,D (2315)-Vojtek,V (2332)/Slovakia 2016/EXT 2017/1/2 (46)}) 7. a3 Bxc3+
8. bxc3 Nc6 $146 ({RR} 8... c4 9. Be2 Ne7 10. O-O Nbc6 11. Nd2 Qd7 12. f4 O-O-O
13. a4 Na5 14. Ba3 f6 15. Qb1 h5 16. Qb2 h4 17. Nb1 f5 18. Bd6 Rhg8 19. Na3 Ba6
20. Nb5 Kb7 21. Rfb1 Nc8 22. Bc5 Qc6 23. Bb4 {
Alexopoulos,G (2270)-Trantalis,I/Athens 1979/EXT 2004/1-0 (35)}) 9. h4 Qc7 10.
Bd2 Nge7 11. g4 cxd4 12. cxd4 O-O-O 13. Qe2 h6 14. h5 Rhf8 15. Nh4 Nxd4 16. Qe3
Ndc6 17. f4 d4 18. Qh3 f6 19. exf6 gxf6 20. g5 fxg5 21. Qxe6+ Kb8 22. Ng2 Rd6
0-1

[Event "180th open MGU"]
[Site "Sofia"]
[Date "2017.01.22"]
[Round "6.2"]
[White "Andreev, Krasimir"]
[Black "Anavi, David"]
[Result "1/2-1/2"]
[WhiteElo "1882"]
[BlackElo "1292"]
[PlyCount "50"]
[EventDate "2017.01.21"]
[EventType "swiss"]
[EventRounds "6"]
[EventCountry "BUL"]

1. e4 e5 2. Nf3 Nc6 3. d4 exd4 4. Nxd4 Bc5 5. Nxc6 bxc6 6. Bd3 Nf6 7. O-O O-O
8. Bg5 d6 ({RR} 8... Qe7 9. Nd2 Rb8 10. Rb1 d6 11. Qf3 Bd4 12. c3 Be5 13. Qe2
h6 14. Bh4 Bf4 15. Bg3 Bxg3 16. hxg3 d5 17. exd5 Qxe2 18. Bxe2 cxd5 19. Bd3 Re8
20. Nb3 Bd7 21. Rfe1 Rxe1+ 22. Rxe1 Kf8 23. f3 {
Pinter,G (2135)-Cselotei,I (2240)/Budapest 1998/EXT 2002/0-1 (60)}) 9. h3 ({RR
} 9. Re1 Qe7 10. Qf3 Bd4 11. c3 Be5 12. Nd2 h6 13. Bf4 Bxf4 14. Qxf4 Re8 15.
Nf3 Bd7 16. h3 Rab8 17. b3 a5 18. Bc2 Be6 19. Nd4 Qd7 20. c4 c5 21. Nb5 Red8
22. Rad1 a4 23. e5 Ne8 {
Preuss,R (1759)-Baumann,E (1638)/Germany 2016/EXT 2017/1-0 (54)}) 9... Be6 $146
({RR} 9... Rb8 10. Nd2 h6 11. Bf4 Bd4 12. c3 Be5 13. Bxe5 dxe5 14. Qc2 Nh5 15.
Nf3 Nf4 16. Rfd1 Qf6 17. Be2 Bxh3 18. gxh3 Qg6+ 19. Kf1 Qg2+ 20. Ke1 Rfd8 21.
Nxe5 Qh1+ 22. Bf1 Re8 23. Nxc6 Rxe4+ 24. Kd2 {
Tikir,H-Kavacik,A/Izmir 2006/EXT 2007/1-0}) 10. Qf3 h6 11. Be3 Bb6 12. c4 Bxe3
13. Qxe3 d5 14. e5 dxc4 15. exf6 cxd3 16. fxg7 Kxg7 17. Rd1 Bf5 18. Qe5+ Qf6
19. Qxc7 Qxb2 20. Nd2 Qf6 21. Nc4 Qg5 22. Qxc6 Bxh3 23. Nd6 Qg6 24. g3 Rac8 25.
Qd5 Rcd8 1/2-1/2

[Event "180th open MGU"]
[Site "Sofia"]
[Date "2017.01.22"]
[Round "6.3"]
[White "Babatov, Martin"]
[Black "Kolev, Velio"]
[Result "1-0"]
[WhiteElo "1625"]
[BlackElo "1734"]
[PlyCount "57"]
[EventDate "2017.01.21"]
[EventType "swiss"]
[EventRounds "6"]
[EventCountry "BUL"]

1. d4 Nf6 2. c4 c5 3. e3 b6 4. Nf3 g6 5. dxc5 $146 ({RR} 5. Nc3 Bg7 6. Bd3 ({RR
} 6. Be2 {RR} O-O 7. d5 e6 8. e4 exd5 9. exd5 d6 10. h3 Re8 11. O-O a6 12. Bf4
Ra7 13. Bd3 Rae7 14. Qd2 Qc7 15. Bg5 Nbd7 16. Qf4 Nh5 17. Qc1 Nhf6 18. a4 Ne5
19. Nxe5 Rxe5 20. Qd2 Nd7 21. f4 {
Dgebuadze,A (2489)-Engelaer,M (1929)/Brasschaat 2015/EXT 2016/1-0}) ({RR} 6. d5
) ({RR} 6. b3 O-O 7. Bd3 Bb7 8. Bb2 e6 9. O-O Qe7 10. Qe2 Rd8 11. dxc5 bxc5 12.
e4 Nc6 13. Na4 Nb4 14. e5 Nxd3 15. exf6 Nf4 16. Qe3 Nh3+ 17. gxh3 Bxf6 18. Bxf6
Qxf6 19. Kg2 Rac8 20. Rad1 d6 {
Boitel,L (1995)-Green,M (1890)/Daventry 2016/CBM 173 Extra/1-0}) 6... O-O 7.
O-O d6 ({RR} 7... cxd4 8. exd4 d5 9. Bg5 dxc4 10. Bxc4 Bb7 11. Ne5 Nc6 12. Nxc6
Bxc6 13. d5 Bb7 14. Re1 a6 15. Bb3 b5 16. a3 Qd6 17. Qd2 Rfd8 18. Bf4 Qd7 19.
Rad1 Rac8 20. Bh6 Bh8 21. h3 Re8 22. Re3 {
Andersen,E-Flohr,S/Prague 1931/EXT 2000/0-1 (36)}) 8. h3 ({RR} 8. d5) 8... Nc6
({RR} 8... Nbd7 9. d5 a6 10. e4 Ne8 ({RR} 10... Rb8 11. Be3 Qc7) 11. Nh2 ({RR} 
11. Be3 Nc7 12. Qd2 b5 13. cxb5 axb5 14. Nxb5 Nxb5 15. Bxb5) 11... Nc7 12. Bg5
h6 13. Be3 e5 14. Qd2 Kh7 15. Ng4 h5) ({RR} 8... Bb7 9. d5 e5 10. Bd2 Qe7 11.
e4 Nh5) 9. d5 Na5 10. Qc2 e5 11. e4 Nh5 12. g4 ({RR} 12. Ne2) 12... Qf6 13. Kg2
Nf4+ 14. Bxf4 exf4 15. Rac1 h5 16. g5 Qe7 17. Qd2 f6 18. gxf6 Qxf6 19. Rfe1 Bd7
{Gothilf,S-Rokhlin,Y/Leningrad 1927/EXT 2014/1-0 (37)}) ({RR} 5. d5 e6 6. Nc3
exd5 7. cxd5 Bg7 8. e4 O-O 9. Bd3 d6 10. h3 Ba6 11. O-O Re8 12. Bf4 Bxd3 13.
Qxd3 a6 14. a4 Ra7 15. Nd2 Rae7 16. Rae1 Nh5 17. Bg5 f6 18. Be3 Bf8 19. Nc4 Rb7
{Polgar,Z (2565)-Agdestein,S (2600)/Oslo 1996/EXT 1998/0-1 (52)}) 5... bxc5 6.
b3 Bg7 7. Bb2 Bb7 8. g3 O-O 9. Bg2 d6 10. O-O Nbd7 11. Qe2 a5 12. Nc3 Bc6 13.
a4 Qb6 14. Nb5 Qb7 15. Ne1 Nb8 16. Bxc6 Nxc6 17. Qf3 Qd7 18. Nd3 Qg4 19. Qxc6
Qe2 20. Rad1 Qc2 21. Bxf6 Bxf6 22. Nc1 Bb2 23. Qd5 Bxc1 24. Rxc1 Qxb3 25. Ra1
Rad8 26. Rfc1 Qb2 27. Qd3 e6 28. Qc3 Qe2 29. Qxa5 1-0

[Event "180th open MGU"]
[Site "Sofia"]
[Date "2017.01.22"]
[Round "6.4"]
[White "Tzonev, Kirjl"]
[Black "Kostov, Nikolay"]
[Result "1-0"]
[WhiteElo "1877"]
[BlackElo "1709"]
[PlyCount "101"]
[EventDate "2017.01.21"]
[EventType "swiss"]
[EventRounds "6"]
[EventCountry "BUL"]

1. e4 e5 2. Nf3 Nc6 3. Bc4 Nf6 4. d3 Be7 5. Nc3 O-O 6. O-O d6 7. h3 Na5 8. Bb3
Nxb3 9. axb3 c6 10. Qe2 ({RR} 10. d4 Qc7 11. Bg5 Re8 12. Qe2 h6 13. Be3 b6 14.
b4 Bf8 15. b5 cxb5 16. Nxb5 Qb7 17. dxe5 dxe5 18. Nd2 Bd7 19. f3 Nh5 20. Qd3
Red8 21. Qb3 Nf4 22. Kh2 a6 23. Nc3 Be6 24. Qa4 Bc5 {
Goldberg,A (2330)-Dautov,R (2380)/Dresden 1986/EXT 1997/0-1}) 10... Qc7 ({RR} 
10... Ne8 11. Nh2 f5 12. f4 exf4 13. Rxf4 Nc7 14. Bd2 Ne6 15. Rxf5 Rxf5 16.
exf5 Nd4 17. Qd1 Bxf5 18. Nf3 Bf6 19. Be3 Ne6 20. Rb1 d5 21. d4 Qe8 22. Qd2 Qg6
23. Rc1 Bxh3 24. Ne1 Bf5 25. Qf2 {
Fedak,I (1328)-Badik,M (1903)/Lvov 2016/EXT 2017/0-1 (33)}) 11. Be3 b6 12. d4
Re8 $146 ({RR} 12... a5 13. Rfd1 Ba6 14. Qe1 Rfe8 ({RR} 14... c5 15. dxe5 dxe5
16. Bg5 Rae8 17. Bxf6 Bxf6 18. Nd5 Qc6 19. c4 Bc8 20. Rd3 Bd8 21. Qc3 Bc7 22.
Nh2 f5 23. f3 fxe4 24. fxe4 Bd8 25. Nf3 Qg6 26. Nxe5 Qxe4 27. Re1 Qh4 28. Rde3
Qh5 29. Nc6 {Sirbiladze,S-Kekenadze,A/Tbilisi 2001/EXT 2004/1-0 (38)}) ({RR} 
14... Rfd8 15. dxe5 dxe5 16. Na4 c5 17. Nc3 Rxd1 18. Rxd1 Rd8 19. Bg5 c4 20.
Bxf6 Bxf6 21. Nd5 Qb8 22. Nxf6+ gxf6 23. bxc4 Bxc4 24. Rxd8+ Qxd8 25. Qc3 Qd1+
26. Kh2 Qe2 27. Nd2 Be6 28. f3 h5 29. Nb3 {
Spendal,B-Grobelsek,A (2140)/Bled 2003/CBM 095 Extra/0-1 (69)}) 15. dxe5 dxe5
16. Na4 c5 17. Bg5 Bb7 18. Bxf6 Bxf6 19. c4 Rad8 20. Nc3 Qe7 21. Qe2 Bg5 22.
Nd5 Bxd5 23. Rxd5 Rxd5 24. exd5 Bh6 25. Re1 e4 26. Nd2 f5 27. Nb1 {
Nespurek,P (1800)-Ptacek,L (2128)/Czechia 2013/EXT 2016/1/2 (38)}) 13. Rfd1 Bb7
14. d5 cxd5 15. exd5 Qd7 16. Bg5 Qd8 17. Bxf6 Bxf6 18. Qe4 g6 19. Ne2 h5 20. c4
Bc8 21. Ng3 h4 22. Nf1 Bf5 23. Qe2 Qd7 24. N3h2 e4 25. Ne3 Kg7 26. Nhg4 Bxg4
27. Nxg4 Bg5 28. b4 f5 29. Ne3 Qe7 30. Rac1 a5 31. c5 Bxe3 32. Qxe3 Qe5 33.
cxb6 axb4 34. Rc7+ Kf6 35. Qh6 Re7 36. Qxh4+ Kf7 37. Rdc1 Rxc7 38. bxc7 Qe8 39.
g4 Rc8 40. gxf5 gxf5 41. Qh5+ Ke7 42. Qxf5 Qg8+ 43. Kf1 e3 44. Qe4+ Kd7 45.
Qe6+ Qxe6 46. dxe6+ Kxe6 47. fxe3 Ke5 48. Ke2 d5 49. Kd3 b3 50. h4 Kf5 51. Kd4
1-0

[Event "180th open MGU"]
[Site "Sofia"]
[Date "2017.01.22"]
[Round "6.5"]
[White "Ruschukov, Boyan"]
[Black "Metev, Martin"]
[Result "1-0"]
[WhiteElo "1844"]
[BlackElo "2062"]
[PlyCount "85"]
[EventDate "2017.01.21"]
[EventType "swiss"]
[EventRounds "6"]
[EventCountry "BUL"]

1. d4 e6 2. c4 Nf6 3. g3 d5 4. Bg2 c6 5. Nf3 Nbd7 6. O-O dxc4 7. Qc2 b5 8. b3
Nb6 $146 ({RR} 8... Bb7 9. bxc4 bxc4 10. Ba3 Bxa3 ({RR} 10... c5 11. Rd1) 11.
Nxa3 c5 12. Nxc4 Qc7 13. Nce5 Be4 14. Qa4 cxd4 15. Rac1 Qb7 16. Nxf7 Kxf7 17.
Ng5+ Kg6 18. Nxe4 Nxe4 19. Qxd4 Ndf6 20. Rc4 Rhd8 21. Qxe4+ ({RR} 21. Qe3)
21... Nxe4 22. Bxe4+ Qxe4 23. Rxe4 {
Batuev,A-Preobrazhensky,N/Leningrad 1938/EXT 2012/1-0 (40)} {RR} Kf5) ({RR} 
8... cxb3 {RR} 9. Qxc6 Rb8 10. axb3 Bb7 11. Qc2 Rc8 12. Qa2 Bd6 13. Bg5 O-O 14.
Nbd2 Qc7 15. Qb1 a6 16. Bxf6 Nxf6 17. Ng5 Bxg2 18. Kxg2 Qb7+ 19. Nde4 g6 20.
Kg1 Be7 21. Nxf6+ Bxf6 22. Ne4 Bxd4 23. Nd6 Qd7 {Dominguez Perez,L (2732)
-Quesada Perez,Y (2631)/Matanzas 2016/CBM 170 Extra/1/2 (51)}) ({RR} 8... Ba6
9. bxc4 bxc4 10. Na3 c3 11. Qxc3 Bxe2 12. Re1 Nd5 13. Qxc6 Rc8 14. Qa4 Nc3 15.
Qb3 Qb6 16. d5 Bc5 17. Qxb6 Nxb6 18. dxe6 fxe6 19. Nc2 O-O 20. Ncd4 Ba6 21. Bd2
Nbd5 22. Rxe6 Bd3 23. Re5 {
Lozano,N (2153)-Marin,A (1998)/Medellin 2015/EXT 2016/1-0}) 9. Ne5 Bb7 10. Rd1
cxb3 11. Bxc6+ Bxc6 12. Qxc6+ Nfd7 13. axb3 b4 14. Nd2 Be7 15. Ndc4 O-O 16. e4
Rc8 17. Qb5 Nxe5 18. Nxe5 Rc5 19. Qe2 Rc7 20. Bb2 Bf6 21. Ng4 Be7 22. Rd2 Qd6
23. d5 Rd7 24. Be5 Qc5 25. Rc2 Nc4 26. Rxc4 Qb5 27. Ne3 Re8 28. Rc2 Qxe2 29.
Rxe2 exd5 30. Nxd5 Bc5 31. Rd1 Rxe5 32. Nf6+ gxf6 33. Rxd7 Bb6 34. Rd5 Re6 35.
Rb5 a5 36. Rc2 Bd4 37. Rc4 Bc3 38. Rxa5 Rd6 39. Kg2 Rd2 40. Rac5 Bd4 41. Rc2
Rxf2+ 42. Rxf2 Bxc5 43. Rxf6 1-0

[Event "180th open MGU"]
[Site "Sofia"]
[Date "2017.01.22"]
[Round "6.6"]
[White "Georgiev, Nikolay Zh."]
[Black "Ignatov, Bojidar"]
[Result "1-0"]
[WhiteElo "1623"]
[BlackElo "1826"]
[PlyCount "73"]
[EventDate "2017.01.21"]
[EventType "swiss"]
[EventRounds "6"]
[EventCountry "BUL"]

1. e4 e5 2. Nc3 Nc6 3. Nf3 Nf6 4. d4 exd4 5. Nxd4 Bb4 6. Nxc6 Bxc3+ 7. bxc3
dxc6 8. Qxd8+ Kxd8 9. Bg5 h6 10. Bxf6+ gxf6 11. O-O-O+ Ke7 12. Bc4 Be6 13. Bb3
$146 ({RR} 13. Bxe6 fxe6 14. Rd3 Rad8 15. Rhd1 Rxd3 16. cxd3 c5 17. Kc2 e5 18.
Rf1 Rg8 19. g3 h5 20. f4 h4 21. fxe5 fxe5 22. Rg1 hxg3 23. hxg3 Rg4 24. Kd2 c4
25. Ke3 cxd3 26. Kxd3 b5 27. Ke3 c5 {
Micheel,P (1900)-Schulz,B (1680)/Rostock 1997/EXT 2001/1/2 (37)}) 13... c5 14.
Bxe6 fxe6 15. Rd2 Rad8 16. Rhd1 Rxd2 17. Rxd2 Rd8 18. Rxd8 Kxd8 19. c4 c6 20.
Kd2 b5 21. g4 e5 22. Ke3 Ke7 23. f4 Kf7 $4 (23... exf4+ $142 $11) 24. fxe5 fxe5
25. Kf3 Kg6 26. h4 b4 27. Kg3 a5 28. Kf3 a4 29. Kg3 Kf6 30. Kh3 Kg6 31. h5+ $4
(31. Kh2 $18) 31... Kg7 $4 (31... Kg5 32. Kg3 a3 $11) 32. Kh4 Kf7 33. g5 Kg7
34. gxh6+ Kxh6 35. Kg4 Kg7 36. Kf5 Kh6 37. Kxe5 1-0